| 000 | 00598nam a2200193Ia 4500 | ||
|---|---|---|---|
| 003 | GCL | ||
| 008 | 140319s9999 xx 000 0 ara d | ||
| 040 |
_aGCL / _cGCL |
||
| 082 | 0 | 4 |
_a937.06 _bع ت |
| 100 | 1 | _aعبداللطيف احمد على | |
| 245 | 1 | 0 |
_aالتاريخ الرومانى : عصر الثورة / _cعبداللطيف احمد على |
| 300 | _a362 ص | ||
| 490 | _a | ||
| 650 | 0 | 4 | _aالثورات |
| 650 | 0 | 4 | _aاباطرة الرومان |
| 650 | 0 | 4 | _aالامبراطورية الرومانية - تاريخ |
| 650 | 0 | 4 | _aايطاليا - تاريخ |
| 942 |
_2ddc _cBK |
||
| 999 |
_c39068 _d39068 |
||